000
00262nam a22001097a 4500
008
170117b xxu||||| |||| 00| 0 eng d
020
_a
9780132209045
041
_a
eng
080
_a
618.2
245
_a
ADMINISTRATIVE MEDICAL ASSISTING
_c
BEAMAN, N
942
_2
udc
_c
BK
999
_c
2979
_d
2979